Music: Guess the Lyrics & Find Connections - Statistics

General Stats
  • This quiz has been taken 145 times
  • The average score is 6 of 25
Answer Stats
Answer % Correct
It's been seven hours and fifteen days since you took your love away Sinéad O'Connor - Nothing Compares 2 U
62%
He was a punk, she did ballet, what more can I say? Avril Lavigne - Sk8er Boi
57%
This is the end, hold your breath and count to ten Adele - Skyfall
41%
When you were young and your heart was an open book you used to say live and let live Wings - Live and Let Die
41%
I got my head checked by a jumbo jet, it wasn't easy, but nothing is Blur - Song 2
37%
Connection: Bond Songs
36%
Connection: Numbers in song titles
34%
He′s the man, the man with the Midas touch, a spider's touch Shirley Bassey - Goldfinger
29%
Everyone knows about it, from the Queen of England to the hounds of hell White Stripes - Seven Nation Army
29%
It's always tease, tease, tease, you′re happy when I'm on my knees The Clash - Should I Stay Or Should I Go?
25%
It's enough for this wide-eyed wanderer that we got this far Elton John - Can You Feel The Love Tonight?
22%
I've lost my mind, I've spent the night crying on the floor of my bathroom Olivia Rodrigo - Good 4 u
21%
When I was a child I had a fever, my hands felt just like two balloons Pink Floyd - Comfortably Numb
21%
Connection: Colourful band names
18%
I got that rock 'n' roll, that future flow, that digital spit, next level visual sh*t Black Eyed Peas - Boom Boom Pow
17%
With your feet on the air and your head on the ground, try this trick and spin it, yeah Pixies - Where Is My Mind?
17%
And all the vampires walking through the valley move west down Ventura Boulevard Tom Petty - Free Fallin'
17%
Connection: Questions in song titles
16%
Frank Zappa and the Mothers were at the best place around, but some stupid with a flare gun burned the place to the ground Deep Purple - Smoke on the Water
14%
A candy-colored clown they call the sandman tiptoes to my room every night Roy Orbison - In Dreams
13%
You've got a lotta nerve to say you are my friend, when I was down you just stood there grinning Bob Dylan - Positively 4th Street
10%
Sunrise doesn't last all morning, a cloudburst doesn't last all day George Harrison - All Things Must Pass
10%
One life for yourself and one for your dreams Nancy Sinatra - You Only Live Twice
9%
Connection: Traveling Wilburys
6%
Since you went away I've been hanging around, I've been wondering why I'm feeling down Pet Shop Boys & Dusty Springfield - What Have I Done To Deserve This?
5%
No matching quizzes found
Score Distribution
Percent of People with Each Score
Percentile by Number Answered
Your Score History
You have not taken this quiz